LEADER 03639nam 2200517Ia 450 001 9910453198603321 005 20200520144314.0 010 $a0-87420-240-X 035 $a(CKB)2550000001133237 035 $a(EBL)1032776 035 $a(OCoLC)297853931 035 $a(MiAaPQ)EBC1032776 035 $a(Au-PeEL)EBL1032776 035 $a(CaPaEBR)ebr10605656 035 $a(CaONFJC)MIL532946 035 $a(EXLCZ)992550000001133237 100 $a20051214d2006 uy 0 101 0 $aeng 135 $aur|n|---||||| 200 10$aBreaking the development logjam$b[electronic resource] $enew strategies for building community support /$fDouglas R. Porter 210 $aWashington, D.C. $cULI-the Urban Land Institute$dc2006 215 $a1 online resource (129 p.) 300 $aDescription based upon print version of record. 311 $a0-87420-956-0 311 $a1-306-01695-9 320 $aIncludes bibliographical references. 327 $aFront Cover; Copyright; Acknowledgments; Preface; Contents; I. Making Room at the Table: The Need for Community Engagement; The Overlooked Market for Development; Staying Alive: The Vital Role of Community Engagement; Tailoring Approaches for Community Engagement; Types of Engagement Processes; Giving Is Receiving: Developers as Participants; Consultants: Enough Bang for the Buck?; II. Crafting a Strategy for Community Engagement; Homing In on the Approach; Frame the Desired Outcome: Begin at the End; Evaluate Site Conditions and Potential Project Impacts; Know the Parties at Interest 327 $aIdentify Community Attitudes and ExpectationsIII. Making It Happen: Achieving Community Acceptance; Setting Up the Engagement Process; Identifying an Official Convener; Determining Appropriate Types of Events; Managing Events; Structuring the Sequence of Events; Defining Roles of Participants; IV. Communicating the What, Where, and When; Building a Communications Strategy; In-House Published Information; Informative Events; Outside Publications; V. The Means of Participation; Tools for Engaging Participants; Graphic Representation; Three-Dimensional Models; Group Mapping Exercises 327 $aKeypad PollingImage Surveys; Digital Photo Simulation; Visualization Tools; Computer-Aided Interactive Discussions; VI. Case Studies of Community Engagement Processes for Planning and Development; Crawford Square, Pittsburgh, Pennsylvania; Eastern Cambridge Planning Study, Cambridge, Massachusetts; Hellgate Meadows, Missoula, Montana; North St. Lucie County, Florida, Comprehensive Plan Charrette; Pleasant Hill BART Station, California; Rolling Mill Hill, Nashville, Tennessee; Village at Empire Pass Ski Resort, Park City, Utah; VII. Conclusions; Back Cover 330 $a
This book explains in plain terms how developers and planners can involve the community in the development process using the latest community engagement tools. It describes why, in these days of more complex projects and development approval procedures, it pays to win citizen support rather than fight opposition.
606 $aCity planning$xCitizen participation 606 $aCommunity development 606 $aSustainable development 608 $aElectronic books. 615 0$aCity planning$xCitizen participation. 615 0$aCommunity development. 615 0$aSustainable development. 676 $a307.12160973 700 $aPorter$b Douglas R$0949016 801 0$bMiAaPQ 801 1$bMiAaPQ 801 2$bMiAaPQ 906 $aBOOK 912 $a9910453198603321 996 $aBreaking the development logjam$92270427 997 $aUNINA LEADER 01193nam 2200337Ia 450 001 996386489603316 005 20221103135053.0 035 $a(CKB)4940000000081194 035 $a(EEBO)2240868918 035 $a(OCoLC)13690476 035 $a(EXLCZ)994940000000081194 100 $a19860605d1652 uy | 101 0 $aeng 135 $aurbn||||a|bb| 200 10$aEnglands antidote against the plague of civill warre$b[electronic resource] $epresented in a sermon before the Honourable House of Commons on their late extraordinary solemn fast, October 22, 1644 /$fby Edmund Calamy .. 210 $aLondon $cPrinted by A. Miller for Christopher Meredith ...$d1652 215 $a[8], 44, [2] p 300 $aReproduction of original in Huntington Library. 330 $aeebo-0113 606 $aFast-day sermons 607 $aGreat Britain$xHistory$yCivil War, 1642-1649$vSermons 615 0$aFast-day sermons. 700 $aCalamy$b Edmund$f1600-1666.$01002065 801 0$bEAA 801 1$bEAA 801 2$bm/c 801 2$bWaOLN 906 $aBOOK 912 $a996386489603316 996 $aEnglands antidote against the plague of civill warre$92364244 997 $aUNISA